Shortest Words - A - Statistics

General Stats
  • This quiz has been taken 73 times
  • The average score is 65 of 96
Answer Stats
Answer % Correct
a
100%
aa
98%
ab
98%
ad
98%
ag
98%
ai
98%
al
98%
am
98%
an
98%
ar
98%
as
98%
at
98%
aw
98%
ay
98%
ax
97%
ae
95%
ah
95%
are
90%
ace
83%
all
83%
awe
83%
age
81%
art
81%
and
79%
aim
78%
axe
78%
ape
76%
ass
76%
ate
76%
add
74%
ars
74%
abs
72%
ail
72%
ale
72%
ant
72%
any
72%
act
71%
aid
69%
ave
69%
air
67%
arc
67%
arm
67%
als
66%
ash
66%
aye
66%
ado
64%
ago
64%
ais
64%
alp
64%
ark
64%
ask
64%
aah
62%
aas
62%
aba
62%
ads
62%
alt
62%
aal
60%
aft
60%
ain
60%
ane
60%
app
60%
asp
60%
aga
59%
ait
59%
ama
59%
amp
59%
apt
59%
aro
59%
ats
59%
aby
57%
aha
57%
ana
55%
ani
55%
arf
55%
ami
53%
ack
52%
ala
52%
ava
52%
awa
52%
awl
52%
ags
50%
ahs
50%
apo
50%
arb
50%
att
50%
aff
47%
ahi
47%
alb
47%
awn
47%
avo
45%
ays
45%
adz
43%
auk
41%
amu
40%
azo
36%
aji
31%
No matching quizzes found
Score Distribution
Percent of People with Each Score
Percentile by Number Answered
Your Score History
You have not taken this quiz